Catálogo

Teoría general del proceso : (Registro nro. 60578)

Detalles MARC
000 -LEADER
fixed length control field 00805nam a2200229 a 4500
001 - CONTROL NUMBER
control field 60578
005 - DATE AND TIME OF LATEST TRANSACTION
control field 20180714061903.0
008 - FIXED-LENGTH DATA ELEMENTS--GENERAL INFORMATION
fixed length control field 140415s2004 mx r 000 0 spa d
020 ## - INTERNATIONAL STANDARD BOOK NUMBER
International Standard Book Number 9789706137920
040 ## - CATALOGING SOURCE
Original cataloging agency MX-PuUPA
Language of cataloging spa
Description conventions rda
Transcribing agency Mx-PuUPA
Modifying agency Mx-PuUPA
082 0# - DEWEY DECIMAL CLASSIFICATION NUMBER
Classification number 340.072
Item number GOM
100 1# - MAIN ENTRY--PERSONAL NAME
Personal name Gómez Lara, Cipriano,
Relator term autor
245 10 - TITLE STATEMENT
Title Teoría general del proceso :
Remainder of title banco de preguntas /
Statement of responsibility, etc. Cipriano Gómez Lara, Margarita Domínguez Mercado.
250 ## - EDITION STATEMENT
Edition statement Primera edición
264 #1 - PRODUCTION, PUBLICATION, DISTRIBUTION, MANUFACTURE, AND COPYRIGHT NOTICE
Place of production, publication, distribution, manufacture México, D.F. :
Name of producer, publisher, distributor, manufacturer Oxford University Press,
Date of production, publication, distribution, manufacture, or copyright notice 2004
300 ## - PHYSICAL DESCRIPTION
Extent vii, 139 páginas ;
Dimensions 21 cm.
336 ## - CONTENT TYPE
Content type term texto
Source rdacontent
337 ## - MEDIA TYPE
Media type term sin mediación
Source rdamedia
338 ## - CARRIER TYPE
Carrier type term volumen
Source rdacarrier
650 #4 - SUBJECT ADDED ENTRY--TOPICAL TERM
Topical term or geographic name entry element Derecho procesal
Geographic subdivision México
700 1# - ADDED ENTRY--PERSONAL NAME
Personal name Domínguez Mercado, Margarita,
Relator term autor
Existencias
Withdrawn status Lost status Source of classification or shelving scheme Damaged status Not for loan Collection code Home library Current library Shelving location Date acquired Source of acquisition Total Checkouts Full call number Barcode Date last seen Price effective from Koha item type
    Dewey Decimal Classification   Consulta en sala General Tehuacán Tehuacán Sala general 10/08/2017 Compra   340.072 GOM 2004 510684 08/01/2025 10/08/2017 Reserva permanente